Math standards in action (Record no. 72516)

MARC details
000 -CABECERA
campo de control de longitud fija 00676nam a2200265 a 4500
005 - FECHA Y HORA DE LA ÚLTIMA TRANSACCIÓN
campo de control 20210219153250.0
008 - ELEMENTOS DE LONGITUD FIJA--INFORMACIÓN GENERAL
campo de control de longitud fija 991125n 000 0 u
035 ## - NÚMERO DE CONTROL DEL SISTEMA
Número de control de sistema UPN01000087325
100 ## - ASIENTO PRINCIPAL--NOMBRE PERSONAL
Nombre de persona Burns, Marilyn
222 ## - TÍTULO CLAVE
Título clave INSTRUCTOR
245 ## - MENCIÓN DE TÍTULO
Título Math standards in action
300 ## - DESCRIPCIÓN FÍSICA
Extensión 28-29
362 ## - FECHAS DE PUBLICACIÓN Y/O DESIGNACIÓN SECUENCIAL
Fecha de publicación y/o designación secuencial 102, No. 3, 1992
505 ## - NOTA DE CONTENIDO CON FORMATO PREESTABLECIDO
Nota de contenido con formato Junio 1993
653 0# - TERMINO DE INDIZACION - NO CONTROLADO
Término no controlado ADICION
653 0# - TERMINO DE INDIZACION - NO CONTROLADO
Término no controlado COMPUTACION
653 0# - TERMINO DE INDIZACION - NO CONTROLADO
Término no controlado ENSE\197ANZA MATEMATICA
653 0# - TERMINO DE INDIZACION - NO CONTROLADO
Término no controlado ESTIMACION (MATEMATICAS)
653 0# - TERMINO DE INDIZACION - NO CONTROLADO
Término no controlado FRAGMENTOS
653 0# - TERMINO DE INDIZACION - NO CONTROLADO
Término no controlado MATEMATICAS DE LA ESCUELA ELEMENTAL
653 0# - TERMINO DE INDIZACION - NO CONTROLADO
Término no controlado 7. MULTIPLICACION
700 ## - ASIENTO SECUNDARIO--NOMBRE DE PERSONAL
Nombre de persona Winson, Beth
904 ## - ELEMENTOS DE DATOS D LOCAL, LDD (RLIN)
a AC
b 025136
905 ## - TIPO DE MATERIAL
Tipo de material Articulo

No items available.